000 00322nam a2200133Ia 4500
008 100328s9999 xx 000 0 und d
082 _b61158
100 _aWeale Anne.
245 _aThe Man From Madrid.
260 _bMills & Boon.
630 _aThe Man From Madrid.
730 _aThe Man From Madrid.
942 _cBOOK
999 _c547261
_d547258